US Capitals: Largest in the State Quiz Stats

 Plays Quiz Updated Mar 12, 2019

Score 0/17 Timer 03:00
0 Plays Today
City % Correct
Atlanta, Georgia
83.6%
Boston, Massachusetts
83%
Phoenix, Arizona
81.6%
Denver, Colorado
77.9%
Oklahoma City, Oklahoma
73.9%
Indianapolis, Indiana
73.1%
Boise, Idaho
69.9%
Honolulu, Hawaii
69.4%
Salt Lake City, Utah
67.3%
City % Correct
Columbus, Ohio
66.8%
Jackson, Mississippi
63.7%
Providence, Rhode Island
63.2%
Little Rock, Arkansas
63%
Nashville, Tennessee
62.2%
Des Moines, Iowa
61.6%
Cheyenne, Wyoming
58.6%
Charleston, West Virginia
53.5%

You're not logged in!

Compare scores with friends on all Sporcle quizzes.
OR
Log In

Sporcle TV

Today on Sporcle TV


Watch our educational content, quiz creation guides, and fun videos on Sporcle TV.

Show Comments

Extras

Top Quizzes Today


Score Distribution

Your Account Isn't Verified!

In order to create a playlist on Sporcle, you need to verify the email address you used during registration. Go to your Sporcle Settings to finish the process.

Report this User

Report this user for behavior that violates our Community Guidelines.

Details: